| 000 | 00471nam a22001457a 4500 | ||
|---|---|---|---|
| 999 |
_c8258 _d8259 |
||
| 008 | 190813b ||||| |||| 00| 0 eng d | ||
| 082 | _a301.2 PEL | ||
| 100 | _aPelto, Pertti J. | ||
| 245 |
_aAnthropological research; _b the structure of inquiry. |
||
| 260 |
_aNew York : _bHarper & Row, _c1970. |
||
| 300 |
_axiii, 370 p. _billus. _c24 cm. |
||
| 500 | _a Includes bibliographical references. | ||
| 650 | _a Ethnology--Methodology. Anthropology--Research. | ||
| 942 | _2ddc | ||